Prescription for a tired homemaker. (Record no. 17153)

000 -LEADER
fixed length control field 00485nam a2200169 a 4500
001 - CONTROL NUMBER
control field :::00020884$&:&@@
003 - CONTROL NUMBER IDENTIFIER
control field OkBaRHE
005 - DATE AND TIME OF LATEST TRANSACTION
control field 20040131143019.0
008 - FIXED-LENGTH DATA ELEMENTS--GENERAL INFORMATION
fixed length control field s1975 j 000 0 eng u
040 ## - CATALOGING SOURCE
Transcribing agency
100 1# - MAIN ENTRY--PERSONAL NAME
Personal name Dobson, James
245 10 - TITLE STATEMENT
Title Prescription for a tired homemaker.
260 ## - PUBLICATION, DISTRIBUTION, ETC. (IMPRINT)
Place of publication, distribution, etc Wheaton, IL
Name of publisher, distributor, etc Tyndale House
Date of publication, distribution, etc 1975
300 ## - PHYSICAL DESCRIPTION
Extent 64 p.
942 ## - ADDED ENTRY ELEMENTS (KOHA)
Source of classification or shelving scheme
Koha item type Books
Copies
Copy number Lost status Full call number Date last seen Permanent Location Damaged status Koha item type Withdrawn status Source of classification or shelving scheme Not for loan Shelving location Price effective from Barcode Date acquired
1 HQ 734 .D622010-04-14RHEMA Bible Training College Books   General Stacks2010-04-14208842010-04-14